[Event "Sparkassen 2016"]
[Site "Dortmund GER"]
[Date "17.07.2016"]
[Round "7"]
[White "Kramnik, Vladimir"]
[Black "Najer, Evgeniy"]
[Result "1-0"]
[WhiteTitle "GM"]
[BlackTitle "GM"]
[WhiteElo "2812"]
[BlackElo "2687"]
[WhiteFideId "4101588"]
[BlackFideId "4118987"]
[EventDate "09.07.2016"]

1. c4 e5 2. d3 g6 3. Nc3 Bg7 4. g3 d6 5. Bg2 Nf6 6. e4 c6 7. Nge2 a6 8. O-O b5
9. f4 Qb6+ 10. Kh1 Ng4 11. Qe1 Nd7 12. h3 h5 13. b4 Ne3 14. Bxe3 Qxe3 15. d4 Qd3
16. fxe5 dxe5 17. cxb5 axb5 18. d5 Bb7 19. Rd1 Qc4 20. dxc6 Bxc6 21. Nd5 Bxd5
22. Rxd5 Nb6 23. Rc5 Qe6 24. Nc3 O-O 25. Rxb5 Rfc8 26. a4 Nxa4 27. Nd5 Rab8 28.
Ra5 Nb6 29. Ra7 Rf8 30. Ra6 Rfd8 31. Qf2 Rd6 32. b5 Rb7 33. Qc2 Kh7 34. Qc5 Kg8
35. Kh2 Kh7 36. h4 Kg8 37. Bh3 Rxd5 38. exd5 Qxd5 39. Qc6 Qd2+ 40. Bg2 1-0